Datum a čas kvízu

23.5 Celkem bodů Celkový počet nahraných bodů na tomto kvízu bez doplňovacích otázek.
7. Pořadí na kvízu Konečné umístění týmu na tomto kvízu.

Zaznamenané odpovědi

# Otázka Odpověď Body Výsledky
1. Minulý týden vydalo české vývo... Kingdom Come (Deliverance II) 1
2. Český řidič kamionu v pondělí... B) do běžkařské stopy 0
3. Britská kapela, která byla zal... Black Sabbath 0
4. Vláda jednoho jihoevropského s... o Chorvatsku 1
5. Která tenistka v pondělí na so... Petra Kvitová 1
6. Kterým podstatným jménem se oz... bakteriofágy/fágy 0
7. Který zvířecí přívlastek získa... prasečí 0
8. Přiřaďte viry k onemocněním, k... 1C 2B 3D 4A 0
9. Viry mají svou genetickou info... U (uracil) 0
10. Pandemie smrtících virů jsou v... Inferno 0